000
00299nam a22001337a 4500
008
181023b xxu||||| |||| 00| 0 eng d
020
_a
9781323151488
041
_a
eng
080
_a
371
100
_a
46
101
_a
EDU
245
_a
Communicating in Small Groups
_c
Beebe, S.A
942
_2
udc
_c
BK
999
_c
50629
_d
50629